00704nam a2200241Ia 4500001000900000003000500009005001700014008004100031010001100072020001800083040000900101082002000110100002300130245012600153260003700279300001100316440002200327503000600349650002200355650001900377700003100396700003500427dia_1473CHAP20251027144657.0220117s1975 xx 000 0 und d a172014 a968-451-128-0 cCHAP a621.01 A23 1975 aAbbott, Michael M. aTeoría y problemas de termodinámica /c Michael M. Abbott y Hendrick C. Van Ness ; traducción José Vicente Casas aMéxico :b McGraw-Hill,c1975 a355 p. aCompendios Schaum aD aTermodinámica  aThermodynamics aCasas, José Vicente, tr. aVan Ness, Hendrick C., coaut.